<?xml version="1.0" encoding="UTF-8"?>
<record
    xmlns:xsi="http://www.w3.org/2001/XMLSchema-instance"
    xsi:schemaLocation="http://www.loc.gov/MARC21/slim http://www.loc.gov/standards/marcxml/schema/MARC21slim.xsd"
    xmlns="http://www.loc.gov/MARC21/slim">

  <leader>00565nam a2200169Ia 4500</leader>
  <controlfield tag="008">100204s9999    xx            000 0 und d</controlfield>
  <datafield tag="082" ind1=" " ind2=" ">
    <subfield code="b">28919</subfield>
  </datafield>
  <datafield tag="100" ind1=" " ind2=" ">
    <subfield code="a">"&#x938;&#x93E;&#x930;&#x93E;&#x92E;&#x93E;&#x917;&#x941; , &#x91C;&#x94D;&#x92F;&#x941;&#x91D;&#x947;"</subfield>
  </datafield>
  <datafield tag="245" ind1=" " ind2=" ">
    <subfield code="a">&#x92C;&#x94D;&#x932;&#x93E;&#x908;&#x902;&#x921;&#x928;&#x947;&#x938;</subfield>
  </datafield>
  <datafield tag="250" ind1=" " ind2=" ">
    <subfield code="a">0</subfield>
  </datafield>
  <datafield tag="260" ind1=" " ind2=" ">
    <subfield code="b">"&#x938;&#x93E;&#x915;&#x947;&#x924;    &#x92A;&#x94D;&#x930;&#x915;&#x93E;&#x936;&#x928; ,  &#x914;&#x930;&#x902;&#x917;&#x93E;&#x92C;&#x93E;&#x926;"</subfield>
    <subfield code="c">2009</subfield>
  </datafield>
  <datafield tag="300" ind1=" " ind2=" ">
    <subfield code="a">312</subfield>
  </datafield>
  <datafield tag="630" ind1=" " ind2=" ">
    <subfield code="a">&#x92C;&#x94D;&#x932;&#x93E;&#x908;&#x902;&#x921;&#x928;&#x947;&#x938;</subfield>
  </datafield>
  <datafield tag="700" ind1=" " ind2=" ">
    <subfield code="a">&#x92D;&#x94B;&#x933;&#x947;    &#x92D;&#x93E;&#x938;&#x94D;&#x915;&#x930;    &#x932;&#x915;&#x94D;&#x937;&#x94D;&#x92E;&#x923;</subfield>
  </datafield>
  <datafield tag="730" ind1=" " ind2=" ">
    <subfield code="a">&#x92C;&#x94D;&#x932;&#x93E;&#x908;&#x902;&#x921;&#x928;&#x947;&#x938;</subfield>
  </datafield>
  <datafield tag="942" ind1=" " ind2=" ">
    <subfield code="c">BOOK</subfield>
  </datafield>
  <datafield tag="999" ind1=" " ind2=" ">
    <subfield code="c">474326</subfield>
    <subfield code="d">474323</subfield>
  </datafield>
</record>
